[Event "13th World Teams Play-off"]
[Site "Jerusalem ISR"]
[Date "2022.11.25"]
[Round "3.2"]
[White "Yuffa, Daniil"]
[Black "Narayanan, S.L."]
[Result "1/2-1/2"]
[WhiteElo "2587"]
[BlackElo "2673"]
[PlyCount "60"]
[EventDate "2022.11.23"]
[SourceTitle "Ajedrez en Madrid"]
[Source "lmi"]
[SourceDate "2022.11.20"]
[SourceVersion "1"]
[SourceVersionDate "2022.11.25"]
[SourceQuality "1"]
[WhiteTeam "Spain"]
[BlackTeam "India"]
[WhiteTeamCountry "ESP"]
[BlackTeamCountry "IND"]

1. Nf3 Nf6 2. g3 c5 3. Bg2 Nc6 4. O-O e5 5. e4 d6 6. c3 Be7 7. d4 cxd4 8. cxd4 Bg4 9. Be3 d5 10. dxe5 Nxe5 11. exd5 Nxf3+ 12. Bxf3 Bxf3 13. Qxf3 Qxd5 14. Kg2 Qxf3+ 15. Kxf3 Nd5 16. Bd4 f6 17. Nc3 Nxc3 18. Bxc3 Kf7 19. Rfd1 Rhd8 20. g4 g6 21. Bd4 a6 22. Bb6 Rxd1 23. Rxd1 Ke6 24. Rc1 Bd6 25. h3 Rf8 26. Re1+ Kd5 27. Rd1+ Ke6 28. Re1+ Kd5 29. Rd1+ Ke6 30. Re1+ Kd5 1/2-1/2

[Event "13th World Teams Play-off"]
[Site "Jerusalem ISR"]
[Date "2022.11.25"]
[Round "3.2"]
[White "Gupta, Abhijeet"]
[Black "Santos Ruiz, Miguel"]
[Result "1/2-1/2"]
[WhiteElo "2616"]
[BlackElo "2587"]
[PlyCount "65"]
[EventDate "2022.11.23"]
[SourceTitle "Ajedrez en Madrid"]
[Source "lmi"]
[SourceDate "2022.11.20"]
[SourceVersion "1"]
[SourceVersionDate "2022.11.25"]
[SourceQuality "1"]
[WhiteTeam "India"]
[BlackTeam "Spain"]
[WhiteTeamCountry "IND"]
[BlackTeamCountry "ESP"]

1. d4 Nf6 2. c4 e6 3. Nf3 d5 4. Nc3 c5 5. cxd5 cxd4 6. Qxd4 exd5 7. Bg5 Be7 8. e3 O-O 9. Rd1 Be6 10. Qa4 h6 11. Bh4 Qb6 12. Qb5 Qxb5 13. Bxb5 g5 14. Bg3 Bb4 15. Be5 Ne4 16. a3 Bxc3+ 17. Bxc3 Nxc3 18. bxc3 Rc8 19. Kd2 Nc6 20. h4 g4 21. Nd4 Ne5 22. f4 gxf3 23. gxf3 Kg7 24. Rb1 b6 25. Rb4 Rc7 26. f4 Ng4 27. Rg1 h5 28. Be2 Kf6 29. Bf3 Rac8 30. Nb5 Re7 31. Nd4 Rec7 32. Nb5 Re7 33. Nd4 1/2-1/2

[Event "13th World Teams Play-off"]
[Site "Jerusalem ISR"]
[Date "2022.11.25"]
[Round "3.3"]
[White "Anton Guijarro, David"]
[Black "Nihal, Sarin"]
[Result "1-0"]
[WhiteElo "2668"]
[BlackElo "2670"]
[PlyCount "111"]
[EventDate "2022.11.23"]
[SourceTitle "Ajedrez en Madrid"]
[Source "lmi"]
[SourceDate "2022.11.20"]
[SourceVersion "1"]
[SourceVersionDate "2022.11.25"]
[SourceQuality "1"]
[WhiteTeam "Spain"]
[BlackTeam "India"]
[WhiteTeamCountry "ESP"]
[BlackTeamCountry "IND"]

1. d4 Nf6 2. Nf3 d5 3. e3 c5 4. Be2 Nc6 5. O-O cxd4 6. exd4 Bf5 7. Nh4 Bg6 8. c3 e6 9. Bf4 Ne4 10. g3 Bd6 11. Bxd6 Nxd6 12. Nd2 Rc8 13. a4 O-O 14. Nxg6 hxg6 15. Nf3 Na5 16. Bd3 Qb6 17. Qe2 Nac4 18. Rab1 Rfe8 19. Kg2 Re7 20. Rfe1 Rce8 21. b3 Na5 22. h4 Nc6 23. Ne5 Nxe5 24. dxe5 Nf5 25. h5 Rc7 26. hxg6 fxg6 27. c4 dxc4 28. bxc4 Qd4 29. Red1 Qc5 30. Qg4 Qxe5 31. Qxg6 Rce7 32. Rxb7 Qc5 33. Rxe7 Qxe7 34. Be4 Rf8 35. Re1 Rf6 36. Qg4 Qc5 37. Bxf5 Qxf5 38. Qxf5 exf5 39. Re5 f4 40. g4 Rc6 41. c5 Ra6 42. Re4 Rc6 43. Rc4 g5 44. Kf3 Kf7 45. Ke4 Ke6 46. a5 a6 47. f3 Rc8 48. c6 Kd6 49. c7 Kd7 50. Kf5 Rf8+ 51. Kxg5 Kc8 52. Kh5 Rh8+ 53. Kg6 Rh3 54. Rc3 Rh1 55. g5 Ra1 56. Kf6 1-0

[Event "13th World Teams Play-off"]
[Site "Jerusalem ISR"]
[Date "2022.11.25"]
[Round "3.3"]
[White "Narayanan, S.L."]
[Black "Shirov, Alexei"]
[Result "1/2-1/2"]
[WhiteElo "2673"]
[BlackElo "2666"]
[PlyCount "103"]
[EventDate "2022.11.23"]
[SourceTitle "Ajedrez en Madrid"]
[Source "lmi"]
[SourceDate "2022.11.20"]
[SourceVersion "1"]
[SourceVersionDate "2022.11.25"]
[SourceQuality "1"]
[WhiteTeam "India"]
[BlackTeam "Spain"]
[WhiteTeamCountry "IND"]
[BlackTeamCountry "ESP"]

1. d4 d5 2. c4 c6 3. Nf3 Nf6 4. Nc3 e6 5. e3 Nbd7 6. Be2 dxc4 7. a4 Bd6 8. O-O O-O 9. Nd2 e5 10. Nxc4 Bc7 11. a5 exd4 12. Qxd4 Re8 13. Rd1 Nf8 14. Qxd8 Rxd8 15. Rxd8 Bxd8 16. Nd6 Be7 17. Nxc8 Rxc8 18. e4 Ne6 19. Be3 Bc5 20. Bxc5 Nxc5 21. e5 Nfd7 22. f4 Kf8 23. Kf2 f6 24. Rd1 Ke7 25. b4 Ne6 26. f5 Nf4 27. e6 Ne5 28. Bf1 g6 29. g3 Nd5 30. Nxd5+ cxd5 31. fxg6 hxg6 32. Rxd5 b6 33. axb6 axb6 34. Rb5 Rc6 35. Bg2 Rc2+ 36. Kg1 Rc1+ 37. Kf2 Ng4+ 38. Kf3 Nxh2+ 39. Ke3 Rc3+ 40. Kd4 Rxg3 41. Bd5 Rg4+ 42. Kc3 Rg5 43. Kd4 Nf3+ 44. Ke4 Ne1 45. Rxb6 Re5+ 46. Kd4 Nc2+ 47. Kc5 Ne3 48. Rb7+ Ke8 49. Rb8+ Ke7 50. Rb7+ Ke8 51. Rb8+ Ke7 52. Rb7+ 1/2-1/2

[Event "13th World Teams Play-off"]
[Site "Jerusalem ISR"]
[Date "2022.11.25"]
[Round "3.3"]
[White "Santos Ruiz, Miguel"]
[Black "Gupta, Abhijeet"]
[Result "1/2-1/2"]
[WhiteElo "2587"]
[BlackElo "2616"]
[PlyCount "71"]
[EventDate "2022.11.23"]
[SourceTitle "Ajedrez en Madrid"]
[Source "lmi"]
[SourceDate "2022.11.20"]
[SourceVersion "1"]
[SourceVersionDate "2022.11.25"]
[SourceQuality "1"]
[WhiteTeam "Spain"]
[BlackTeam "India"]
[WhiteTeamCountry "ESP"]
[BlackTeamCountry "IND"]

1. e4 e5 2. Nf3 Nc6 3. Bc4 Nf6 4. d3 Bc5 5. c3 a6 6. a4 d6 7. O-O Ba7 8. Re1 h6 9. Nbd2 O-O 10. Nf1 Re8 11. h3 Be6 12. Bxe6 Rxe6 13. b4 d5 14. Qc2 Qd7 15. Be3 d4 16. cxd4 Nxd4 17. Nxd4 Bxd4 18. Bxd4 Qxd4 19. Qxc7 Qxb4 20. Reb1 Re7 21. Qc2 Qd4 22. Ne3 g6 23. Ra3 Rd8 24. a5 Kg7 25. Rab3 Red7 26. Nc4 Nh5 27. Rxb7 Nf4 28. Rxd7 Rxd7 29. Qb2 Nxd3 30. Qxd4 Rxd4 31. Rd1 Rxc4 32. Rxd3 Rxe4 33. Rd6 Re1+ 34. Kh2 h5 35. g3 Ra1 36. Rxa6 1/2-1/2